000 00270nam a2200121 i 4500
001 bg
245 0 _aTechnologia ksztełcenia inżynierów.
260 _aSzczecin,
_c1985.
040 _cBPK
041 _apol
942 _cKS
008 s pl f |000 0 pol
999 _c28507
_d28507
856 _uhttp://koha.tu.koszalin.pl/cgi-bin/koha/opac-detail.pl?biblionumber=28507
_yKatalog online BPK